煩惱平息
| 資料類型: | 圖書 | 書目號: | 25572 |
Leader xxxxxxxxxx 001 __ PCLIS00025572 005 __ 20220420100817.0 010 __ |a957-585-049-1|b平裝|dNT$180 100 __ |a19900112d1992 m y0chiy09 e 101 0_ |achi 102 __ |atw 105 __ |ay z 000cy 200 1_ |a煩惱平息|f林清玄著 205 __ |a第一版 210 __ |a臺北市|c洪建全教育文化基金會|d民81[1992] 215 __ |a[14], 264面|c圖|d21公分 225 1_ |a人文叢書 225 1_ |a人生對話系列|v17 681 __ |a855|b8732 700 _1 |a林|b清玄|f1953-2019|4著 801 _0 |atw|b內湖高中|c20010622 801 _2 |atw|b內湖高中|c20220420|gCCR |